<?xml version="1.0" encoding="UTF-8"?><?xml-stylesheet type="text/xsl" href="static/style.xsl"?><OAI-PMH xmlns="http://www.openarchives.org/OAI/2.0/" xmlns:xsi="http://www.w3.org/2001/XMLSchema-instance" xsi:schemaLocation="http://www.openarchives.org/OAI/2.0/ http://www.openarchives.org/OAI/2.0/OAI-PMH.xsd"><responseDate>2026-04-14T02:26:32Z</responseDate><request verb="GetRecord" identifier="oai:www.recercat.cat:10256/22259" metadataPrefix="marc">https://recercat.cat/oai/request</request><GetRecord><record><header><identifier>oai:recercat.cat:10256/22259</identifier><datestamp>2024-05-22T11:33:53Z</datestamp><setSpec>com_2072_452966</setSpec><setSpec>com_2072_2054</setSpec><setSpec>col_2072_452968</setSpec></header><metadata><record xmlns="http://www.loc.gov/MARC21/slim" xmlns:dcterms="http://purl.org/dc/terms/" xmlns:xsi="http://www.w3.org/2001/XMLSchema-instance" xmlns:doc="http://www.lyncode.com/xoai" xsi:schemaLocation="http://www.loc.gov/MARC21/slim http://www.loc.gov/standards/marcxml/schema/MARC21slim.xsd">
   <leader>00925njm 22002777a 4500</leader>
   <datafield ind2=" " ind1=" " tag="042">
      <subfield code="a">dc</subfield>
   </datafield>
   <datafield ind2=" " ind1=" " tag="720">
      <subfield code="a">Aguilar García, Andrea Raquel</subfield>
      <subfield code="e">author</subfield>
   </datafield>
   <datafield ind2=" " ind1=" " tag="260">
      <subfield code="c">2020-09</subfield>
   </datafield>
   <datafield ind2=" " ind1=" " tag="520">
      <subfield code="a">L’objectiu d’aquest Treball Final de Grau que se sotmet a la consideració i avaluació del Tribunal, es centra en l’aplicació de la filosofia Lean Construction, a través d’algunes de les seves eines, en un despatx d’arquitectura i enginyeria, que presenta unes característiques concretes; amb la finalitat de proposar millores en tot el procés de producció, identificant les seves virtuts per potenciar-les i adaptar-les al projecte que es pretén desenvolupar. S’ha proposat estructurar formalment aquest treball en tres blocs temàtics. En el primer bloc, es parteix d’una contextualització breu de la situació actual del sector de la construcció, tant a nivell nacional com europeu. També es posa en situació del marc teòric de la filosofia Lean Construction, on es desenvolupen els seus principis, tècniques i eines. En el segon bloc, es proposa detallar i concretar les eines de Lean construction que s’implantaran en el despatx d’arquitectura, fent un anàlisi exhaustiu de la forma a procedir del despatx en qüestió, per tal d’identificar les seves debilitats. En el darrer bloc, es planteja la implantació de les eines explicades al segon bloc; estructurades en tres nivells d’implantació</subfield>
   </datafield>
   <datafield ind2=" " ind1=" " tag="520">
      <subfield code="a">The objective of this Final Degree Project which is submitted to the consideration and evaluation of the Court, focuses on the application of the Lean Construction philosophy, through some of its tools, in an architecture and engineering firm, which has specific characteristics; with the purpose to propose improvements in the entire production process, identifying its virtues to enhance them and adapt them to the project that is intended to be developed. It has been proposed to formally structure this work in three thematic blocks. In the first block, we start with a brief contextualization of the current situation of the sector construction, both at national and European level. It is also put into the situation of the theoretical framework of the Lean Construction philosophy, where its principles, techniques and tools are developed. In the second block, it is proposed to detail and specify the Lean construction tools that will be implemented in the architecture office, making a thorough analysis of the way to proceed from the office in question, in order to identify their weaknesses. In the last block, the implementation of the tools explained in the second block is considered; structured in three levels of implementation.</subfield>
   </datafield>
   <datafield ind1="8" ind2=" " tag="024">
      <subfield code="a">http://hdl.handle.net/10256/22259</subfield>
   </datafield>
   <datafield tag="653" ind2=" " ind1=" ">
      <subfield code="a">Lean Construction</subfield>
   </datafield>
   <datafield tag="653" ind2=" " ind1=" ">
      <subfield code="a">Construcció sense pèrdues</subfield>
   </datafield>
   <datafield tag="653" ind2=" " ind1=" ">
      <subfield code="a">Arquitectura -- Disseny i construcció</subfield>
   </datafield>
   <datafield tag="653" ind2=" " ind1=" ">
      <subfield code="a">architecture -- Design and construction</subfield>
   </datafield>
   <datafield ind2="0" ind1="0" tag="245">
      <subfield code="a">Implantació de la filosofia lean construction en un despatx d’arquitectura</subfield>
   </datafield>
</record></metadata></record></GetRecord></OAI-PMH>